000 00444nam a2200181Ia 4500
001 25203
005 20260414151134.0
008 260414t2011||||xx |||||||||||||| ||spa||
041 _aESP
082 _a346.4
_bD59 V. 3
100 _aContreras, Pedro de Pablo (coord.)
_eAUT
245 0 _aCurso de Derecho Civil :
_bderechos reales
260 _c2011
300 _a
_c24 cm.
650 _aDER
654 _aCDE
942 _cLIB
_dJUS
_fJUS
_2ddc
_n
999 _c25203
_d25203